000 00218nam a2200097Ia 4500
008 190216s9999||||xx |||||||||||||| ||und||
100 _aSachithanadan
245 0 _aTwenteeth Century Prose
260 _bNull
942 _cBK
999 _c12631
_d12631